|
|
|
|
| LEADER |
02090nam a2200457 i 4500 |
| 001 |
EBC4000401 |
| 003 |
MiAaPQ |
| 005 |
20200520144314.0 |
| 006 |
m o d | |
| 007 |
cr cnu|||||||| |
| 008 |
151110t20152015enk ob 001 0 eng d |
| 020 |
|
|
|z 9781849468992
|
| 020 |
|
|
|a 9781849469012 (e-book)
|
| 035 |
|
|
|a (MiAaPQ)EBC4000401
|
| 035 |
|
|
|a (Au-PeEL)EBL4000401
|
| 035 |
|
|
|a (CaPaEBR)ebr11095803
|
| 035 |
|
|
|a (CaONFJC)MIL832401
|
| 035 |
|
|
|a (OCoLC)927488285
|
| 040 |
|
|
|a MiAaPQ
|b eng
|e rda
|e pn
|c MiAaPQ
|d MiAaPQ
|
| 050 |
|
4 |
|a HD60
|b .B435 2015
|
| 082 |
0 |
|
|a 658.408
|2 23
|
| 100 |
1 |
|
|a Beckers, Anna,
|e author.
|
| 245 |
1 |
0 |
|a Enforcing corporate social responsibility codes :
|b on global self-regulation and national private law /
|c Anna Beckers.
|
| 264 |
|
1 |
|a Oxford, [England] ;
|a Portland, Oregon :
|b Hart Publishing,
|c 2015.
|
| 264 |
|
4 |
|c 2015
|
| 300 |
|
|
|a 1 online resource (448 pages).
|
| 336 |
|
|
|a text
|2 rdacontent
|
| 337 |
|
|
|a computer
|2 rdamedia
|
| 338 |
|
|
|a online resource
|2 rdacarrier
|
| 490 |
1 |
|
|a International Studies in the Theory of Private Law
|
| 504 |
|
|
|a Includes bibliographical references and index.
|
| 588 |
|
|
|a Description based on online resource; title from PDF title page (ebrary, viewed November 9, 2015).
|
| 590 |
|
|
|a Electronic reproduction. Ann Arbor, MI : ProQuest, 2015. Available via World Wide Web. Access may be limited to ProQuest affiliated libraries.
|
| 650 |
|
0 |
|a Social responsibility of business.
|
| 650 |
|
0 |
|a Business enterprises
|x Law and legislation.
|
| 650 |
|
0 |
|a Commercial law.
|
| 655 |
|
4 |
|a Electronic books.
|
| 776 |
0 |
8 |
|i Print version:
|a Beckers, Anna.
|t Enforcing corporate social responsibility codes : on global self-regulation and national private law.
|d Oxford, [England] ; Portland, Oregon : Hart Publishing, c2015
|h xvii, 428 pages
|k International studies in the theory of private law.
|z 9781849468992
|
| 797 |
2 |
|
|a ProQuest (Firm)
|
| 830 |
|
0 |
|a International studies in the theory of private law.
|
| 856 |
4 |
0 |
|u https://ebookcentral.proquest.com/lib/matrademy/detail.action?docID=4000401
|z Click to View
|